|
|
|
|
| LEADER |
01694nam a2200409 i 4500 |
| 001 |
EBC3002557 |
| 003 |
MiAaPQ |
| 005 |
20200520144314.0 |
| 006 |
m o d | |
| 007 |
cr cnu|||||||| |
| 008 |
140831t20052006wiua ob 001 0 eng d |
| 020 |
|
|
|z 9780873896566
|
| 035 |
|
|
|a (MiAaPQ)EBC3002557
|
| 035 |
|
|
|a (Au-PeEL)EBL3002557
|
| 035 |
|
|
|a (CaPaEBR)ebr10907789
|
| 035 |
|
|
|a (OCoLC)891385619
|
| 040 |
|
|
|a MiAaPQ
|b eng
|e rda
|e pn
|c MiAaPQ
|d MiAaPQ
|
| 050 |
|
4 |
|a HD62.15
|b .P75 2006
|
| 082 |
0 |
|
|a 658.4/013
|2 22
|
| 100 |
1 |
|
|a Pries, Kim H.,
|d 1955-
|e author.
|
| 245 |
1 |
0 |
|a Six sigma for the next millennium :
|b a CSSBB guidebook /
|c Kim H. Pries.
|
| 264 |
|
1 |
|a Milwaukee, Wisconsin :
|b ASQ Quality Press,
|c 2005.
|
| 264 |
|
4 |
|c 2006
|
| 300 |
|
|
|a 1 online resource (408 pages) :
|b illustrations, tables
|
| 336 |
|
|
|a text
|2 rdacontent
|
| 337 |
|
|
|a computer
|2 rdamedia
|
| 338 |
|
|
|a online resource
|2 rdacarrier
|
| 504 |
|
|
|a Includes bibliographical references and index.
|
| 588 |
|
|
|a Description based on print version record.
|
| 590 |
|
|
|a Electronic reproduction. Ann Arbor, MI : ProQuest, 2015. Available via World Wide Web. Access may be limited to ProQuest affiliated libraries.
|
| 650 |
|
0 |
|a Six sigma (Quality control standard)
|
| 650 |
|
0 |
|a Total quality management.
|
| 650 |
|
0 |
|a Quality control.
|
| 655 |
|
4 |
|a Electronic books.
|
| 776 |
0 |
8 |
|i Print version:
|a Pries, Kim H., 1955-
|t Six sigma for the next millennium : a CSSBB guidebook.
|d Milwaukee, Wisconsin : ASQ Quality Press, 2005, c2006
|h xii, 396 pages
|z 9780873896566
|w 2005018863
|
| 797 |
2 |
|
|a ProQuest (Firm)
|
| 856 |
4 |
0 |
|u https://ebookcentral.proquest.com/lib/matrademy/detail.action?docID=3002557
|z Click to View
|